000 01383nam0a2200325 i 4500
001 RU\NLR\BIBL_A\011989936
005 20260406065810.0
010 _a9785946682183
_9300
035 _a(NLR Aleph) 011989936
090 _a11352694
_c11352694
100 _a20190415d2016 k y0rusy50 ca
101 0 _arus
102 _aRU
105 _aac z 000zd
200 1 _aТворческая жизнь Бориса Чичибабина
_fБ. Ф. Егоров
210 _aСанкт-Петербург
_cРосток
_d2016
215 _a191 с.
_cил., портр.
_d21
316 _aС автогр. авт.
_5NLR
320 _aБиблиогр. в тексте
327 1 _aВ кн. также Избранные стихотворения Б. Чичибабина
600 1 _aЧичибабин
_bБ. А.
_f1923 - 1994
_gБорис Алексеевич
_92177595
_3RU\NLR\AUTH\661309656
686 1 _aШ5(2=Р)7-4Чичибабин
686 2 _aШ6(2=Р)7-5
700 1 _8rus
_7ca
_aЕгоров
_bБ. Ф.
_cд-р филол. наук, литературовед
_f1926-2020
_gБорис Федорович
_3RU\NLR\AUTH\7725972
_99017
702 1 _4570
_8rus
_7ca
_aЧичибабин
_bБ. А.
_f1923-1994
_gБорис Алексеевич
_3RU\NLR\AUTH\7710162
_9119945
942 _cBOOK
980 _aNBR